| 000 | 00580cam a2200217 a 4500 | ||
|---|---|---|---|
| 001 | 4714618 | ||
| 005 | 20180206034619.0 | ||
| 008 | 830615s1983 ctua b 001 0 eng | ||
| 010 | _a 83013542 | ||
| 020 | _a0892323663 | ||
| 040 |
_aDLC _cDLC _dDLC _dOCoLC |
||
| 041 | _aeng | ||
| 080 | _a302.35 | ||
| 082 | 0 | 0 |
_a302.35 PON _219 |
| 100 | _a50 | ||
| 101 | _aSOC | ||
| 245 | 0 | 0 |
_aOrganizational symbolism / _cedited by Louis R. Pondy ... [et al.]. |
| 504 | _aIncludes bibliographies and indexes. | ||
| 906 |
_a7 _bcbc _corignew _d1 _eocip _f19 _gy-gencatlg |
||
| 942 |
_2ddc _cBK |
||
| 999 |
_c41857 _d41857 |
||